000 00673nam a22001937a 4500
003 OSt
005 20250813035121.0
008 250813b |||||||| |||| 00| 0 eng d
020 _a978-621-96378-5-5
040 _aDWC-Main Lib
_cOC
082 _aFil. 004.05 O54t 2020
100 _aOmorog, Charlie D.
245 _aThesis and capstone project guidebook for computing programs/
_cCharlie D. Omorog
260 _aCamarines Sur :
_bProduction & Entrepreneurial Development Services.,
_cc2020.
300 _a120 pages:
_billustration ;
_c22cm.
504 _aIncludes bibliographic references.
650 _a1. Computer Science --- Research.
942 _2ddc
_cBK - FIL
_kFil.
_n0
999 _c3950
_d3950